00980njm a2200253Ia 450000100060000000300090000600500170001500800410003204000130007304000130008604100120009910000130011110000180012410000380014224500160018025000110019626000120020726000270021930000100024650000570025650502800031365000560059370000770064959799IT-RoPAU20220918181144.0131025s9999 xx 000 0 und d aIT-RoPAU cIT-RoPAU aPOLACCO aDudek I. eAutore musica gCodice autore musica SPICS: 21361 aDudis (The) a1a ed. aPOLONIA bPRONITc1987 [1a Ed.:] aDISCO aMusica rock, blues. Musica polacca. Canzone polacca. aSygnał I (1:38) - Tutaj Cacy (4:20) - Nocny Kozak (3:25) - Mój Brzuch (2:19) - Bzyk, Bzyk (3:26) - U Biednych (4:56) - Wykonaj To Własnoręcznie (3:42) - J. Z. (3:19) - Wakacje Na Własny Rachunek (3:02) - Miasteczko N (2:49) - Chwila Spokoju (2:54) - Sygnał II (0:51) aMUSICA POLACCA [DISCHI]eCodice MATERIA SPICS: 9950 aDusza D.eAutore testo e musicagCodice autore testo/musica SPICS: 21362